00865nam a22002537a 450000500170000001000130001702000230003003500130005303700160006604000120008208200170009410000260011124500610013725000110019826000460020927000480025530000310030365000290033465000220036370000310038594200260041699900190044295201500046120170124110202.0 aA-939371 a8120313011c175.00 aA-939371 bCen Lib/Ret aDPLbEN a005.369bMAL aMaloney, Eric 936431 aFront page 97 cby Eric Maloney [and] Joshua C. Nossiter a6th ed a New DelhibPrentice hall of India c1998 aM-97, Connaught circus b New Delhie110001 avarious pagings c21cm(Hb) aComputer science 936432 aWeb pages 936433 aNossiter, Joshua C.936434 2ddccENh005.369mMAL c132993d132993 04104070aLbLd2015-07-24eCen Lib/Retg175.00l0o005.369 MALpA-939371r2015-07-24 00:00:00t1v175.00w2015-07-24yENzW/d list no. 6831/14